|
|
|
|
| LEADER |
00000nab a2200000 a 4500 |
| 001 |
vtls000559974 |
| 003 |
SK-MaSNL |
| 005 |
20260304093253.0 |
| 008 |
250425c1993 xo 0 slo |
| 015 |
|
|
|a SNBRB19rr/mm-uuuuu
|
| 035 |
|
|
|a CL0560112
|
| 035 |
|
|
|a (urnnbn)urn:nbn:sk:snk:ar-005iz6
|
| 035 |
|
|
|a (uuid)175c2f4b-018b-4b85-bea1-550f988edc5e
|
| 035 |
|
|
|a urn:nbn:sk:snk-ab7zj2
|
| 040 |
|
|
|a SNKBUCL
|b slo
|c SNKBUCL
|e AACR2
|
| 041 |
0 |
|
|a slo
|
| 044 |
|
|
|a xo
|c SK
|
| 080 |
|
|
|a 624.13-051
|2 1981
|
| 080 |
|
|
|a 550.8-051
|2 1981
|
| 080 |
|
|
|a 378.124
|2 1981
|
| 080 |
|
|
|a 929 Záruba, Quido
|2 1981
|
| 100 |
1 |
|
|a Letko, Vladimír,
|d 1937-
|4 aut
|9 39762
|
| 245 |
1 |
0 |
|a Zomrel akademik Quido Záruba
|c V. Letko
|
| 300 |
|
|
|b Fotogr. 1
|
| 600 |
1 |
7 |
|a Záruba, Quido,
|d 1899-1993
|2 snkbucl
|9 198747
|
| 655 |
|
7 |
|a články z novín a časopisov
|2 snkbucl
|9 267496
|
| 773 |
0 |
|
|t Mineralia slovaca
|g Roč. 25, č. 6 (1993)
|g S. 20
|x 0369-2086
|x 0369-2086
|
| 773 |
0 |
|
|t [Príl.] Geovestník
|g Roč. 25, č. 6 (1993)
|g S. 20
|x 0369-2086
|x 0369-2086
|
| 850 |
|
|
|a Slovenská národná knižnica
|
| 852 |
|
|
|a Slovenská národná knižnica
|
| 954 |
|
|
|a odborná, vedecká literatúra pôvodná (slovenská)
|2 lita
|
| 958 |
|
|
|a article9
|
| 958 |
|
|
|a NX
|
| 958 |
|
|
|a RK
|
| 958 |
|
|
|a BC
|
| 958 |
|
|
|a OND
|
| 958 |
|
|
|a EUIPO
|
| 992 |
|
|
|a RBX
|
| 999 |
|
|
|c 2822413
|d 2824343
|